| 000 | 00886nam a2200229 a 4500 | ||
|---|---|---|---|
| 999 |
_c8058 _d8058 |
||
| 001 | 8058 | ||
| 003 | BD-JhCC | ||
| 005 | 20181003172032.0 | ||
| 008 | 180218s1998 bg |||| ||a| 000 0 bg d | ||
| 035 | _a(BD-JhCC)8058 | ||
| 040 |
_aBD-JhCC _dBD-JhCC |
||
| 041 | _aben | ||
| 082 |
_a309.973 _bMAR 1998 |
||
| 100 | _aহালিম, মো: আবদুল | ||
| 245 |
_aমার্কিন যুক্তরাষ্ট্র : সমাজ ও সংস্কৃতি / _cমো: আবদুল হালিম এবং তাহমিনা আহমেদ সম্পাদিত |
||
| 260 |
_aঢাকা : _bযুক্তরাষ্ট্র তথ্য সরবরাহ কেন্দ্র, _c1998 |
||
| 300 |
_a65 p. : _c25 cm. |
||
| 650 |
_aSociety _zUnited States |
||
| 700 | _aআহমেদ, তাহমিনা | ||
| 942 |
_2ddc _cBK |
||